| 000 | 00582cam a2200241 4500 | ||
|---|---|---|---|
| 001 | 3214067 | ||
| 005 | 20180109071530.0 | ||
| 008 | 710902s1971 mau b 001 0 eng | ||
| 010 | _a 78162006 | ||
| 020 | _a0395124751 | ||
| 040 |
_aDLC _cDLC _dDLC |
||
| 041 | _aeng | ||
| 043 | _an-us--- | ||
| 080 | _a338.0973 GAL | ||
| 082 | 0 | 0 | _a338.0973 GAL |
| 100 | 1 | _a52 | |
| 101 | _aEKO | ||
| 245 | 1 | 4 | _aThe new industrial state. |
| 350 | _a$8.95 | ||
| 504 | _aIncludes bibliographical references. | ||
| 906 |
_a7 _bcbc _corignew _d2 _encip _f19 _gy-gencatlg |
||
| 942 |
_2ddc _cBK |
||
| 999 |
_c39899 _d39899 |
||